[Event "Donostia Gipuzkoa-ch"]
[Site "San Sebastian"]
[Date "2012.11.10"]
[Round "4"]
[White "Ezpeleta Pradera, Juan Francisco"]
[Black "Guijarro Galan, Jose Luis"]
[Result "0-1"]
[WhiteElo "2075"]
[BlackElo "2121"]
[PlyCount "92"]
[EventDate "2012.10.20"]
[EventType "swiss"]
[EventRounds "7"]
[EventCountry "ESP"]
[SourceTitle "EXT 2014"]
[Source "ChessBase"]
[SourceDate "2013.11.20"]
[SourceVersion "1"]
[SourceVersionDate "2013.11.20"]
[SourceQuality "1"]

1. e4 c5 2. Nf3 a6 3. c3 e6 4. d4 d5 5. e5 Nc6 6. g3 Nge7 7. Nbd2 Nf5 8. dxc5 Bxc5 9. Nb3 Ba7 10. Bg2 h5 11. h4 Bd7 12. Bf4 Nce7 13. 0-0 Ng6 14. Qd2 Rc8 15. Nbd4 Bxd4 16. cxd4 Nxf4 17. Qxf4 Rc2 18. Rfb1 Re2 19. Bh3 Qb6 20. b3 Re4 21. Qg5 Nxd4 22. Nxd4 Qxd4 23. Re1 Rh6 24. Rad1 Rg6 25. Qc1 Rxg3+ 26. Bg2 Rxe1+ 27. Rxe1 Rc3 28. Qg5 Qg4 29. Qd2 Rc8 30. Re3 Qxh4 31. Rg3 g6 32. Qh6 Qe7 33. Qh8+ Qf8 34. Qf6 Rc1+ 35. Kh2 Bc6 36. Qf4 Rc2 37. a4 Qg7 38. Bf1 g5 39. Qd4 g4 40. Bd3 Rc1 41. Qf4 Re1 42. Re3 Rxe3 43. Qxe3 h4 44. Kg1 g3 45. f4 Qg4 46. Qa7 Kf8 0-1

[Event "Donostia Gipuzkoa-ch"]
[Site "San Sebastian"]
[Date "2012.11.03"]
[Round "3"]
[White "Izagirre Alsua, Aritz"]
[Black "Ezpeleta Pradera, Juan Francisco"]
[Result "0-1"]
[WhiteElo "1835"]
[BlackElo "2075"]
[PlyCount "48"]
[EventDate "2012.10.20"]
[EventType "swiss"]
[EventRounds "7"]
[EventCountry "ESP"]
[SourceTitle "EXT 2014"]
[Source "ChessBase"]
[SourceDate "2013.11.20"]
[SourceVersion "1"]
[SourceVersionDate "2013.11.20"]
[SourceQuality "1"]

1. e4 c5 2. Nc3 e6 3. d3 d5 4. Bd2 Nc6 5. f4 a6 6. Nf3 Nge7 7. Ne2 b5 8. g4 Bb7 9. Ng3 Qc7 10. Bg2 dxe4 11. dxe4 0-0-0 12. c3 Ng6 13. Qc1 Be7 14. 0-0 Rxd2 15. Qxd2 Nxf4 16. Ne2 Nxg2 17. Kxg2 h5 18. g5 Ne5 19. Qf4 Bd6 20. Nxe5 Bxe5 21. Qh4 f5 22. gxf6 gxf6 23. Ng3 f5 24. Kh3 f4 0-1

[Event "Gipuzkoa-ch"]
[Site "San Sebastian"]
[Date "2011.11.05"]
[Round "5"]
[White "Fernandez Zubitur, Jokin"]
[Black "Ezpeleta Pradera, Juan Francisco"]
[Result "0-1"]
[WhiteElo "1928"]
[BlackElo "2096"]
[PlyCount "94"]
[EventDate "2011.10.08"]
[EventType "swiss"]
[EventRounds "7"]
[EventCountry "ESP"]
[SourceTitle "EXT 2024"]
[Source "ChessBase"]
[SourceDate "2023.10.10"]
[SourceVersion "1"]
[SourceVersionDate "2023.10.10"]
[SourceQuality "1"]

1. e4 c5 2. Nc3 Nc6 3. g3 g6 4. Bg2 Bg7 5. d3 e6 6. f4 Nge7 7. Be3 d6 8. Nf3 0-0 9. 0-0 Nd4 10. Rb1 Nec6 11. Ne2 Nxf3+ 12. Bxf3 Nd4 13. Bf2 e5 14. f5 gxf5 15. Bxd4 cxd4 16. exf5 Qg5 17. Qc1 Qf6 18. Qd1 Bh6 19. c3 Rb8 20. cxd4 Be3+ 21. Kh1 exd4 22. Nf4 Qxf5 23. Nd5 Qg5 24. Nf6+ Kg7 25. Be4 Bh3 26. Nxh7 Qe5 27. Nxf8 Rxf8 28. Bg2 Be6 29. Qf3 Rh8 30. Rbe1 Qg5 31. Rxe3 dxe3 32. Re1 e2 33. Qxe2 Qxg3 34. Bxb7 Rxh2+ 35. Qxh2 Qxe1+ 36. Qg1+ Qxg1+ 37. Kxg1 Bxa2 38. Kf2 Kf6 39. Ke3 Kg5 40. b4 f5 41. Bf3 Bb3 42. Bg2 Kg4 43. Bb7 Kg3 44. Bf3 f4+ 45. Ke4 Bd5+ 46. Kxd5 Kxf3 47. Kxd6 Ke3 0-1

[Event "Gipuzkoa-ch"]
[Site "San Sebastian"]
[Date "2011.10.08"]
[Round "1"]
[White "Cantabrana Garona, Alejandro"]
[Black "Ezpeleta Pradera, Juan Francisco"]
[Result "0-1"]
[WhiteElo "1812"]
[BlackElo "2096"]
[PlyCount "82"]
[EventDate "2011.10.08"]
[EventType "swiss"]
[EventRounds "7"]
[EventCountry "ESP"]
[SourceTitle "EXT 2024"]
[Source "ChessBase"]
[SourceDate "2023.10.10"]
[SourceVersion "1"]
[SourceVersionDate "2023.10.10"]
[SourceQuality "1"]

1. c4 e5 2. g3 Nc6 3. Bg2 Nf6 4. Nc3 Bb4 5. Qb3 Qe7 6. e3 Bxc3 7. Qxc3 0-0 8. d3 d6 9. b4 Bg4 10. f3 Be6 11. b5 Nd8 12. e4 Nd7 13. Ne2 f5 14. 0-0 Qf7 15. f4 Qh5 16. Bf3 Qe8 17. Bb2 fxe4 18. Bxe4 Bh3 19. Rf2 Nc5 20. Bd5+ Kh8 21. d4 Na4 22. Qc2 Nxb2 23. Qxb2 c6 24. Bh1 exf4 25. Nxf4 Bf5 26. Qd2 cxb5 27. Re1 Qd7 28. g4 bxc4 29. gxf5 Rxf5 30. Nd5 Nc6 31. Ref1 Raf8 32. Qe3 Rxf2 33. Rxf2 Rxf2 34. Qxf2 Qg4+ 35. Bg2 Qxd4 36. Ne3 h5 37. Qf8+ Kh7 38. Qf5+ Kh6 39. Qe6+ g6 40. h4 Ne5 41. Kf2 Qd2+ 0-1

[Event "Gipuzkoa-ch"]
[Site "Zarautz"]
[Date "2009.12.05"]
[Round "7"]
[White "Martin Alvarez, Inigo"]
[Black "Ezpeleta Pradera, Juan Francisco"]
[Result "1-0"]
[WhiteElo "2239"]
[BlackElo "2072"]
[PlyCount "71"]
[EventDate "2009.10.24"]
[EventType "swiss"]
[EventRounds "7"]
[EventCountry "ESP"]
[SourceTitle "EXT 2012"]
[Source "ChessBase"]
[SourceDate "2011.11.24"]
[SourceVersion "1"]
[SourceVersionDate "2011.11.24"]
[SourceQuality "1"]

1. e4 c5 2. Nf3 e6 3. d4 cxd4 4. Nxd4 Nf6 5. Nc3 Nc6 6. Ndb5 d6 7. Bf4 e5 8. Bg5 a6 9. Na3 b5 10. Bxf6 gxf6 11. Nd5 Bg7 12. Bd3 Be6 13. 0-0 f5 14. Qh5 0-0 15. exf5 Bxd5 16. f6 e4 17. fxg7 Re8 18. Qxd5 Nb4 19. Qb3 Nc6 20. Be2 b4 21. Nb1 Nd4 22. Qc4 Qf6 23. Rd1 Nxe2+ 24. Qxe2 Qxb2 25. Nd2 Qxc2 26. Qc4 Rac8 27. Qxc2 Rxc2 28. Nf1 a5 29. Rxd6 Re5 30. Ne3 Rc3 31. g4 Kxg7 32. Nf5+ Kf8 33. Rad1 a4 34. Ra6 Rd3 35. Rc1 Re8 36. Rxa4 1-0